[Event "Zadar op-B 21th"]
[Site "Zadar"]
[Date "2014.12.14"]
[Round "1"]
[White "Cajzler, Hinko"]
[Black "Lucic, Grgo"]
[Result "1-0"]
[WhiteElo "2161"]
[BlackElo "1835"]
[PlyCount "83"]
[EventDate "2014.12.14"]
[EventType "swiss"]
[EventRounds "9"]
[EventCountry "CRO"]
[SourceTitle "EXT 2016"]
[Source "ChessBase"]
[SourceDate "2015.10.08"]
[SourceVersion "1"]
[SourceVersionDate "2015.10.08"]
[SourceQuality "1"]

1. d4 Nf6 2. c4 e6 3. Nf3 c5 4. d5 exd5 5. cxd5 d6 6. Nc3 g6 7. h3 Bg7 8. e4 0-0 9. Be2 Re8 10. Nd2 a6 11. a4 b6 12. 0-0 Bb7 13. Re1 Qc7 14. Ra2 Nbd7 15. b3 Re7 16. Rc2 Bh6 17. Bc4 Rae8 18. f3 Nh5 19. Nf1 Bg7 20. g4 Bd4+ 21. Kg2 Ng7 22. Be3 Bxe3 23. Nxe3 f5 24. Kh1 Ne5 25. gxf5 Nxc4 26. bxc4 gxf5 27. Rg1 Kh8 28. Rcg2 f4 29. Nf1 Qd7 30. Rh2 Re5 31. Ne2 Rf8 32. Rg4 Nh5 33. Qa1 Bc8 34. Rg5 Ng7 35. Rxe5 dxe5 36. Qxe5 Qf7 37. h4 h5 38. Rg2 Bd7 39. Nxf4 Kh7 40. Ne3 Rg8 41. Rg5 Qxf4 42. Qxf4 1-0

[Event "CRO-chT3 South"]
[Site "Dubrovnik"]
[Date "2013.10.26"]
[Round "7.4"]
[White "Simunic, Neno"]
[Black "Lucic, Grgo"]
[Result "1-0"]
[WhiteElo "1771"]
[BlackElo "1810"]
[PlyCount "99"]
[EventDate "2013.04.27"]
[EventType "team-tourn"]
[EventRounds "7"]
[EventCountry "CRO"]
[SourceTitle "EXT 2014"]
[Source "ChessBase"]
[SourceDate "2013.11.20"]
[SourceVersion "1"]
[SourceVersionDate "2013.11.20"]
[SourceQuality "1"]
[WhiteTeam "Stobrec"]
[BlackTeam "Jelsa"]
[WhiteTeamCountry "CRO"]
[BlackTeamCountry "CRO"]

1. d4 Nf6 2. c4 e6 3. Nc3 c5 4. d5 exd5 5. cxd5 d6 6. Nf3 g6 7. g3 Bg7 8. Bg2 0-0 9. 0-0 Re8 10. Re1 a6 11. a4 Bg4 12. Nd2 Re7 13. Nc4 Ne8 14. Bf4 Bf5 15. e4 Bc8 16. Qb3 Qc7 17. Qb6 Be5 18. Bxe5 Rxe5 19. Qxc7 Nxc7 20. Nxe5 dxe5 21. d6 Ne6 22. Nd5 Nd7 23. Ne7+ Kf8 24. Nxc8 Rxc8 25. Bh3 Rc6 26. Rad1 Ke8 27. Bxe6 fxe6 28. Re3 Rb6 29. b3 Rb4 30. f3 g5 31. Kg2 Rd4 32. Red3 b6 33. h4 g4 34. Rxd4 gxf3+ 35. Kxf3 exd4 36. Kf4 e5+ 37. Kf5 Kf7 38. g4 b5 39. axb5 axb5 40. Rc1 d3 41. g5 c4 42. bxc4 bxc4 43. Rd1 Nc5 44. Kxe5 c3 45. Rf1+ Ke8 46. Kd4 c2 47. Ke3 Nb3 48. h5 Nc5 49. g6 hxg6 50. hxg6 1-0

[Event "CRO-chT3 South"]
[Site "Dubrovnik"]
[Date "2013.05.04"]
[Round "2.1"]
[White "Jelcic, Marko"]
[Black "Lucic, Grgo"]
[Result "1-0"]
[WhiteElo "2140"]
[BlackElo "1810"]
[PlyCount "79"]
[EventDate "2013.04.27"]
[EventType "team-tourn"]
[EventRounds "7"]
[EventCountry "CRO"]
[SourceTitle "EXT 2014"]
[Source "ChessBase"]
[SourceDate "2013.11.20"]
[SourceVersion "1"]
[SourceVersionDate "2013.11.20"]
[SourceQuality "1"]
[WhiteTeam "Dubrovnik II"]
[BlackTeam "Jelsa"]
[WhiteTeamCountry "CRO"]
[BlackTeamCountry "CRO"]

1. e4 c6 2. d4 d5 3. e5 Bf5 4. Nc3 e6 5. g4 Bg6 6. Nge2 h6 7. Be3 Qa5 8. Qd2 Bb4 9. Bg2 Ne7 10. 0-0 Nd7 11. a3 Bxc3 12. Nxc3 Rc8 13. f4 b6 14. Rf2 Qa6 15. Raf1 h5 16. f5 exf5 17. gxf5 Bxf5 18. Rxf5 Nxf5 19. Rxf5 g6 20. Rf3 Nf8 21. Bh3 Rc7 22. Qg2 Qb7 23. Rf6 Re7 24. Rd6 Nh7 25. Bh6 g5 26. Bf5 Qc7 27. Qf1 Nf8 28. Bg7 Rg8 29. Bf6 Ne6 30. Bxe7 Qxe7 31. Bxe6 fxe6 32. Qf6 Qxf6 33. exf6 Kf7 34. Rxc6 g4 35. Ne2 Kxf6 36. Nf4 Kf5 37. Nxh5 e5 38. Ng3+ Kf4 39. Rf6+ Ke3 40. dxe5 1-0